| 000 | 00431nam a2200157 4500 | ||
|---|---|---|---|
| 001 | 143208 | ||
| 003 | ES-MaACL | ||
| 005 | 20230906200742.0 | ||
| 007 | t| | ||
| 008 | 070214s1970 sp r ||||1| spa d | ||
| 100 | 1 |
_aSerrano, Vicente. _9105723 |
|
| 245 | 1 | 0 |
_aDesde las Hurdes _b: cartas / _cVicente Serrano. |
| 260 |
_aMadrid : _bStudium, _c1970 ( _fHalar) |
||
| 300 |
_a95 p. ; _c18 cm. |
||
| 852 |
_aES-MaACL _jC-50201 _bR.75577 |
||
| 999 |
_c143208 _d143208 |
||